Housing Market Survey - March 2002 (Record no. 70009)
[ view plain ]
| 000 -LEADER | |
|---|---|
| fixed length control field | 01047cam a2200241 4500 |
| 001 - CONTROL NUMBER | |
| control field | WB3814-15 |
| 008 - FIXED-LENGTH DATA ELEMENTS--GENERAL INFORMATION | |
| fixed length control field | 020418n2002 000 0 eng u |
| 035 ## - SYSTEM CONTROL NUMBER | |
| System control number | (Sirsi) u117566 |
| 245 ## - TITLE STATEMENT | |
| Title | Housing Market Survey - March 2002 |
| 260 ## - PUBLICATION, DISTRIBUTION, ETC. | |
| Date of publication, distribution, etc. | 2002 |
| 490 ## - SERIES STATEMENT | |
| Series statement | RICS Residential Faculty News |
| Volume/sequential designation | 18 April 2002, (1) |
| 520 ## - SUMMARY, ETC. | |
| Summary, etc. | Latest RICS Housing Market Survey for the three months to March saw house prices rising at their stongest pace since January 2000 with Yorkshire and Humberside leading the way. Pace of price rises has slowed slightly in London the south-east and East Anglia as a result of concern over interest rate rises. For the housing market survey: http://www.rics.org/downloads/Housing_Mar02.pdf |
| 590 ## - LOCAL NOTE (RLIN) | |
| Local note | WB |
| 650 ## - SUBJECT ADDED ENTRY--TOPICAL TERM | |
| Topical term or geographic name entry element | RICS HOUSING MARKET SURVEY ENGLAND AND WALES |
| 650 ## - SUBJECT ADDED ENTRY--TOPICAL TERM | |
| Topical term or geographic name entry element | HOUSE PRICES |
| 650 ## - SUBJECT ADDED ENTRY--TOPICAL TERM | |
| Topical term or geographic name entry element | LONDON |
| 650 ## - SUBJECT ADDED ENTRY--TOPICAL TERM | |
| Topical term or geographic name entry element | SOUTH EAST |
| 650 ## - SUBJECT ADDED ENTRY--TOPICAL TERM | |
| Topical term or geographic name entry element | EAST ANGLIA |
| 650 ## - SUBJECT ADDED ENTRY--TOPICAL TERM | |
| Topical term or geographic name entry element | ABOUT RICS-RICS MEMBERS |
| 650 ## - SUBJECT ADDED ENTRY--TOPICAL TERM | |
| Topical term or geographic name entry element | INFLATION |
| 690 ## - LOCAL SUBJECT ADDED ENTRY--TOPICAL TERM (OCLC, RLIN) | |
| Topical term or geographic name as entry element | PROPERTY-RESIDENTIAL PROPERTY-RESIDENTIAL PROPERTY MARKET |
| 942 ## - ADDED ENTRY ELEMENTS (KOHA) | |
| Suppress in OPAC | 0 |
| Withdrawn status | Lost status | Source of classification or shelving scheme | Damaged status | Not for loan | Home library | Current library | Shelving location | Date acquired | Total Checkouts | Full call number | Barcode | Date last seen | Copy number | Price effective from | Koha item type |
|---|---|---|---|---|---|---|---|---|---|---|---|---|---|---|---|
| Dewey Decimal Classification | London | London | News article | 18/04/2002 | WB3814-15 | 117566-1001 | 06/08/2019 | 1 | 06/08/2019 | News article |